[Event "First Saturday IM-A May2013"]
[Site "Budapest"]
[Date "2013.05.10"]
[Round "7.1"]
[White "Bayramgeldiyev, Yusup"]
[Black "Kantor, Gergely"]
[Result "0-1"]
[WhiteElo "2250"]
[BlackElo "2341"]
[PlyCount "112"]
[EventDate "2013.05.04"]

1. d4 Nf6 2. c4 e6 3. Nc3 Bb4 4. e3 O-O 5. Bd3 d5 6. Nf3 b6 7. O-O Bb7 8. cxd5
exd5 9. Bd2 Nbd7 10. Rc1 a6 11. Qc2 Qe7 12. Bf5 g6 13. Bh3 Bd6 14. g3 h5 15.
Bg2 Ne4 16. Nh4 Qe6 17. Nf3 Ndf6 18. Be1 Rac8 19. Nxe4 Nxe4 20. Nd2 h4 21. gxh4
Kg7 22. f3 Nf6 23. Qb3 c5 24. dxc5 Bxc5 25. Bf2 Rfe8 26. Rfe1 a5 27. Qd3 Bxe3
28. Qxe3 Qxe3 29. Bxe3 Rxe3 30. Red1 Rd3 31. Rxc8 Bxc8 32. Bf1 Rd4 33. Be2 Bf5
34. Nb3 Rxh4 35. Nd4 Bd7 36. b3 Nh5 37. Rd2 Kf6 38. Ba6 Ke5 39. Nc2 Nf4 40. Bb7
d4 41. Be4 f5 42. Bb7 d3 43. Na3 Kd4 44. Ba6 Bc6 45. Nc4 Kc3 46. Rd1 Bxf3 47.
Rc1+ Kd4 48. Ra1 Ne2+ 49. Kf2 Be4 50. Rd1 Rxh2+ 51. Ke1 f4 52. Nb2 f3 53. Bxd3
Rh1+ 54. Kd2 Rxd1+ 55. Nxd1 Bxd3 56. Nf2 Bf5 0-1

[Event "First Saturday IM-A May2013"]
[Site "Budapest"]
[Date "2013.05.10"]
[Round "7.2"]
[White "Petran, Pal"]
[Black "Amdouni, Zoubaier"]
[Result "1-0"]
[WhiteElo "2317"]
[BlackElo "2249"]
[PlyCount "101"]
[EventDate "2013.05.04"]

1. d4 d5 2. c4 e6 3. Nc3 Nf6 4. cxd5 exd5 5. Bg5 Be7 6. e3 c6 7. Bd3 O-O 8. Qc2
Nbd7 9. Nge2 Re8 10. O-O Nf8 11. f3 Qb6 12. Rad1 Ng6 13. Kh1 Bd7 14. h3 h6 15.
Bxf6 Bxf6 16. e4 Bd8 17. e5 Ne7 18. f4 c5 19. dxc5 Qxc5 20. Nd4 Bb6 21. Bb5
Rad8 22. Bxd7 Rxd7 23. f5 Nc6 24. e6 fxe6 25. Nxe6 Qc4 26. b3 Nb4 27. bxc4 Nxc2
28. Nxd5 Rf7 29. c5 Ba5 30. Rf3 Nb4 31. Nxb4 Bxb4 32. Rb1 Ba5 33. Rd1 Bc7 34.
Rfd3 Be5 35. g4 Bf6 36. Rd7 a6 37. Rxf7 Kxf7 38. Rb1 Re7 39. Nd8+ Kf8 40. Nxb7
Rc7 41. Rb6 Re7 42. c6 Re1+ 43. Kg2 Re2+ 44. Kf3 Rxa2 45. Nc5 Rc2 46. Ne6+ Ke7
47. Rxa6 Rc3+ 48. Ke4 Rxh3 49. c7 Rc3 50. Ra8 Kd7 51. Rd8+ 1-0

[Event "First Saturday IM-A May2013"]
[Site "Budapest"]
[Date "2013.05.10"]
[Round "7.4"]
[White "Krumpacnik, Domen"]
[Black "Silapov, Azat"]
[Result "1/2-1/2"]
[WhiteElo "2327"]
[BlackElo "2307"]
[PlyCount "178"]
[EventDate "2013.05.04"]

1. d4 d5 2. Nf3 Nf6 3. c4 e6 4. Nc3 c6 5. Bg5 Be7 6. e3 O-O 7. Bd3 Nbd7 8. O-O
Re8 9. Qc2 dxc4 10. Bxc4 Nd5 11. Bxe7 Qxe7 12. Rfe1 N5f6 13. e4 e5 14. Rad1 b5
15. Bb3 a6 16. a4 Bb7 17. d5 Qc5 18. axb5 axb5 19. Qd3 b4 20. dxc6 Bxc6 21. Nd5
Bb5 22. Qd2 Nxd5 23. Bxd5 Ra7 24. Rc1 Qe7 25. Qe3 Nf6 26. Bb3 Rd7 27. Qc5 Bd3
28. Ba4 Bxe4 29. Bxd7 Qxd7 30. Ng5 Bd5 31. f3 b3 32. Ne4 Nxe4 33. fxe4 Be6 34.
Qxe5 Rd8 35. Qc3 h6 36. Qe3 Qd6 37. Qe2 Qd4+ 38. Kh1 Qe5 39. Rc3 Rd4 40. Re3
Qd6 41. Qf2 Rd2 42. R3e2 Rd3 43. h3 Qd7 44. Re3 Rd2 45. R3e2 Rd3 46. Qf4 Qd4
47. Kh2 Kh7 48. Rf1 Qd7 49. Rf3 Rd1 50. Rff2 Qa7 51. Rd2 Re1 52. Rf1 Rxf1 53.
Qxf1 Qc7+ 54. Kh1 Qe5 55. Qd3 Qf4 56. Kg1 Qe5 57. Qd4 Qc7 58. Rd3 Qf4 59. Rf3
Qc7 60. Qc3 Qd6 61. Rg3 Qf8 62. Qe5 Kg8 63. Rc3 Kh7 64. Kh2 Qd8 65. Rc6 Qd7 66.
Rb6 Qd2 67. Rd6 Qc1 68. Rd3 Qc8 69. Rg3 Qf8 70. Qf4 Qb4 71. Rd3 Qc4 72. Rd8 Qc2
73. Qe5 Qc4 74. Qd4 Qc7+ 75. e5 Bf5 76. Ra8 Qc2 77. Ra4 Qc6 78. Rb4 Bc2 79. Rc4
Qb7 80. Rxc2 bxc2 81. Qd3+ Kg8 82. Qxc2 Qb8 83. Qc3 f6 84. b4 fxe5 85. Qc5 e4+
86. Kg1 Qf4 87. b5 e3 88. Qd5+ Kh7 89. Qf3 Qd4 1/2-1/2

[Event "First Saturday IM-A May2013"]
[Site "Budapest"]
[Date "2013.05.11"]
[Round "8.1"]
[White "Kantor, Gergely"]
[Black "Radlovacki, Jovan"]
[Result "0-1"]
[WhiteElo "2341"]
[BlackElo "2423"]
[PlyCount "104"]
[EventDate "2013.05.04"]

1. d4 Nf6 2. c4 e6 3. Nc3 Bb4 4. Qc2 O-O 5. a3 Bxc3+ 6. Qxc3 d6 7. Bg5 h6 8.
Bh4 Qe7 9. e3 e5 10. Nf3 Re8 11. Be2 a5 12. O-O a4 13. Rfe1 Nc6 14. Qc2 Bg4 15.
d5 Nb8 16. Nd2 Bxe2 17. Rxe2 Nbd7 18. Ne4 g5 19. Nxf6+ Qxf6 20. Bg3 Ra5 21. f3
Nb6 22. Qe4 Rc5 23. Rc2 c6 24. dxc6 Rxc6 25. f4 Qe6 26. fxe5 f5 27. Qd3 dxe5
28. c5 Nd7 29. Rac1 Rec8 30. Qb5 Qb3 31. Qxb3+ axb3 32. Rc3 Nxc5 33. Rf1 f4 34.
exf4 exf4 35. Be1 Re8 36. Bf2 Ne4 37. Rxc6 bxc6 38. Rc1 Rd8 39. Be1 c5 40. Kf1
Kf7 41. a4 Ke6 42. a5 g4 43. a6 Ra8 44. Ra1 f3 45. gxf3 gxf3 46. Ra4 Kd5 47. a7
c4 48. Bf2 c3 49. Rd4+ Ke5 50. Rd3 Nd2+ 51. Ke1 cxb2 52. Bd4+ Ke4 0-1

[Event "First Saturday IM-A May2013"]
[Site "Budapest"]
[Date "2013.05.11"]
[Round "8.2"]
[White "Silapov, Azat"]
[Black "Bouzidi, Ahmed"]
[Result "1/2-1/2"]
[WhiteElo "2307"]
[BlackElo "2161"]
[PlyCount "124"]
[EventDate "2013.05.04"]

1. e4 Nf6 2. Nc3 d5 3. e5 Nfd7 4. f4 c5 5. Nf3 Nc6 6. Bb5 Nb6 7. d4 cxd4 8.
Nxd4 Bd7 9. Be3 e6 10. O-O Bc5 11. Kh1 Qe7 12. a3 a6 13. Bxc6 bxc6 14. b4 Nc4
15. Bg1 Ba7 16. Na4 a5 17. c3 O-O 18. Qe2 f6 19. Nf3 Be8 20. h3 fxe5 21. fxe5
Bh5 22. g4 Bg6 23. Bc5 Bxc5 24. Nxc5 axb4 25. axb4 h5 26. Rxa8 Rxa8 27. Qe1 Ra2
28. Qh4 Qxh4 29. Nxh4 Nd2 30. Rf2 Be4+ 31. Nxe4 Ra1+ 32. Kg2 Nxe4 33. Rf3 Ra2+
34. Kg1 Rc2 35. Ng6 h4 36. Ne7+ Kh7 37. Nxc6 Nxc3 38. Nd8 Ne2+ 39. Kf1 Ng3+ 40.
Kg1 Rc1+ 41. Kg2 Re1 42. Nxe6 Rxe5 43. Nd4 Re4 44. Rd3 Re1 45. b5 Ne4 46. b6
Nd6 47. Nb3 Re2+ 48. Kf3 Rb2 49. Kf4 Rf2+ 50. Ke3 Rf7 51. Rxd5 Nc4+ 52. Ke4 g6
53. Nd2 Nxb6 54. Rd6 Nd7 55. Nf3 Nc5+ 56. Ke3 Re7+ 57. Kf4 Rf7+ 58. Ke3 Re7+
59. Kd4 Ne4 60. Rc6 Nf2 61. Nxh4 Nxh3 62. Nxg6 Rg7 1/2-1/2

[Event "First Saturday IM-A May2013"]
[Site "Budapest"]
[Date "2013.05.11"]
[Round "8.3"]
[White "Aryan, Chopra"]
[Black "Krumpacnik, Domen"]
[Result "1/2-1/2"]
[WhiteElo "2120"]
[BlackElo "2327"]
[PlyCount "103"]
[EventDate "2013.05.04"]

1. e4 Nc6 2. d4 d5 3. exd5 Qxd5 4. Nf3 Bg4 5. Be2 e6 6. h3 Bh5 7. Nc3 Qd7 8.
Be3 Bb4 9. O-O Nge7 10. a3 Ba5 11. b4 Bb6 12. b5 Bxf3 13. Bxf3 Nxd4 14. Bxb7
Rb8 15. Be4 Nef5 16. Qd3 Nxe3 17. fxe3 f5 18. exd4 fxe4 19. Qxe4 Qxd4+ 20. Kh1
Qxe4 21. Nxe4 Rf8 22. Rxf8+ Kxf8 23. Rd1 Ke7 24. g3 Rf8 25. Kg2 e5 26. Rd3 h6
27. Rf3 Rd8 28. Rd3 Rd4 29. Rxd4 exd4 30. Kf3 Ke6 31. Ke2 Kd5 32. Kd3 Ba5 33.
g4 Bb6 34. Ng3 g6 35. Ne4 Ke5 36. a4 g5 37. Ng3 Kf4 38. Ne2+ Kf3 39. Nxd4+ Kg3
40. Nf5+ Kxh3 41. Nxh6 Bc5 42. Ke4 Bf8 43. Nf7 Kxg4 44. Kd5 Bb4 45. Kc6 Ba5 46.
c4 Kf4 47. Nxg5 Kxg5 48. Kb7 Bb6 49. c5 Bxc5 50. Kxc7 Kf5 51. a5 Ke6 52. b6
1/2-1/2

[Event "First Saturday IM-A May2013"]
[Site "Budapest"]
[Date "2013.05.11"]
[Round "8.4"]
[White "Amdouni, Zoubaier"]
[Black "Lyell, Mark"]
[Result "1/2-1/2"]
[WhiteElo "2249"]
[BlackElo "2227"]
[PlyCount "112"]
[EventDate "2013.05.04"]

1. e4 c6 2. d4 d5 3. f3 Qb6 4. Nc3 dxe4 5. fxe4 e5 6. dxe5 Bc5 7. Bc4 Bxg1 8.
Qf3 Be6 9. Bxe6 fxe6 10. Bg5 Qf2+ 11. Qxf2 Bxf2+ 12. Kxf2 Nd7 13. Rhf1 Nxe5 14.
Kg1 Ne7 15. Ne2 Rd8 16. Rad1 Rxd1 17. Rxd1 N7g6 18. Nd4 h6 19. Bd2 O-O 20. Nxe6
Re8 21. Nf4 Rd8 22. Nxg6 Nxg6 23. Kf2 Nf4 24. g3 Ne6 25. Ke3 Nc5 26. b4 Na4 27.
Rf1 Nb2 28. Ke2 Nc4 29. Bc3 b5 30. Ra1 Na3 31. Rd1 Rxd1 32. Kxd1 g6 33. g4 Kf7
34. Bd4 Ke6 35. Kd2 a6 36. Bg7 h5 37. gxh5 gxh5 38. Kd3 Kd6 39. Bb2 Nc4 40. Bd4
Ke6 41. Ke2 a5 42. bxa5 Nxa5 43. Kf3 Nb7 44. Kf4 c5 45. Bf2 c4 46. a3 Nd6 47.
h4 c3 48. Ke3 Nc4+ 49. Kd4 Nxa3 50. Kxc3 Ke5 51. Bc5 Nc4 52. Kb4 Kxe4 53. Kxb5
Kd5 54. Bf2 Na3+ 55. Kb4 Nxc2+ 56. Kc3 Na3 1/2-1/2

[Event "First Saturday IM-A May2013"]
[Site "Budapest"]
[Date "2013.05.11"]
[Round "8.5"]
[White "Bayramgeldiyev, Yusup"]
[Black "Petran, Pal"]
[Result "1-0"]
[WhiteElo "2250"]
[BlackElo "2317"]
[PlyCount "147"]
[EventDate "2013.05.04"]

1. d4 Nf6 2. Nf3 e6 3. e3 b6 4. Bd3 Bb7 5. O-O c5 6. b3 Be7 7. Bb2 O-O 8. Nbd2
cxd4 9. exd4 d6 10. Qe2 Nbd7 11. a3 Re8 12. Rfe1 Qc7 13. Ng5 Nf8 14. Ndf3 h6
15. Nh3 N8d7 16. Rad1 Bf8 17. Qe3 Rac8 18. c4 d5 19. Ne5 dxc4 20. bxc4 Nxe5 21.
dxe5 Nd7 22. Nf4 Nc5 23. Bb1 Red8 24. Rd4 Rxd4 25. Bxd4 Rd8 26. h4 Qe7 27. h5
Qg5 28. Bc2 Rd7 29. Rf1 Bc6 30. Re1 Qd8 31. Ne2 Qh4 32. Nf4 Qd8 33. Bc3 Be7 34.
Bb4 a5 35. Bc3 Ba4 36. Bb1 Bg5 37. g3 Be7 38. Qc1 Bg5 39. Qe3 Qc7 40. Bd4 Bc6
41. Bxc5 bxc5 42. Qxc5 Be7 43. Qe3 Bb7 44. Qb3 Kf8 45. Qa4 Rd4 46. Ba2 Rd2 47.
Bb1 Qb6 48. c5 Qc6 49. Ng6+ Ke8 50. Qxc6+ Bxc6 51. Nxe7 Kxe7 52. Rc1 Re2 53.
Kf1 Rxe5 54. g4 Bb5+ 55. Kg2 Kd7 56. Kg3 Bc6 57. Kf4 Re2 58. Kg3 Rb2 59. Rd1+
Kc7 60. Bh7 f6 61. Rd6 Rb3+ 62. Kh2 Bd5 63. Bg8 Rxa3 64. Bxe6 Bxe6 65. Rxe6 a4
66. Re7+ Kc6 67. Rxg7 Kxc5 68. Rg6 Rf3 69. Rxh6 a3 70. Rh8 Rxf2+ 71. Kg3 Rd2
72. Ra8 Kb4 73. h6 a2 74. h7 1-0

[Event "First Saturday IM-A May2013"]
[Site "Budapest"]
[Date "2013.05.12"]
[Round "9.1"]
[White "Petran, Pal"]
[Black "Kantor, Gergely"]
[Result "1/2-1/2"]
[WhiteElo "2317"]
[BlackElo "2341"]
[PlyCount "42"]
[EventDate "2013.05.04"]

1. d4 d5 2. Nf3 Nf6 3. g3 c6 4. Bg2 Bf5 5. O-O e6 6. b3 h6 7. c4 Nbd7 8. Bb2
Bd6 9. Nbd2 Qb8 10. Qc1 O-O 11. Ba3 a5 12. Bxd6 Qxd6 13. a3 Rfc8 14. Qb2 b6 15.
Rfd1 Ne4 16. Rac1 Rab8 17. Ne5 Nxd2 18. Rxd2 Nxe5 19. dxe5 Qe7 20. e4 dxe4 21.
Rd6 Rd8 1/2-1/2

[Event "First Saturday IM-A May2013"]
[Site "Budapest"]
[Date "2013.05.12"]
[Round "9.3"]
[White "Krumpacnik, Domen"]
[Black "Amdouni, Zoubaier"]
[Result "1-0"]
[WhiteElo "2327"]
[BlackElo "2249"]
[PlyCount "105"]
[EventDate "2013.05.04"]

1. d4 d5 2. Nf3 Nf6 3. Bf4 c6 4. e3 Bf5 5. c4 e6 6. Nc3 Qb6 7. Qb3 Nbd7 8. h3
Qxb3 9. axb3 Bb4 10. Nd2 O-O 11. g4 Bg6 12. f3 Rfe8 13. Kf2 h6 14. Bg2 c5 15.
Rhd1 dxc4 16. bxc4 cxd4 17. exd4 e5 18. Be3 exd4 19. Bxd4 Bc5 20. Nb3 Bxd4+ 21.
Rxd4 Bc2 22. Nc1 Nc5 23. b4 Ne6 24. Rd2 Bh7 25. N1e2 a5 26. Rxa5 Rxa5 27. bxa5
Nc5 28. Nf4 Nfd7 29. Na4 g5 30. Nxc5 Nxc5 31. Rd5 Rc8 32. Nh5 Bg6 33. Nf6+ Kh8
34. Bf1 Ne6 35. Nd7 Nf4 36. Rc5 Re8 37. Rc7 Bd3 38. Rxb7 Bxf1 39. Kxf1 Re3 40.
a6 Rxf3+ 41. Ke1 Kg7 42. a7 Ra3 43. Nb6 Nd3+ 44. Kd1 Nc5 45. Rc7 Ne6 46. a8=Q
Rxa8 47. Nxa8 Nxc7 48. Nxc7 f5 49. Nd5 f4 50. Ke2 Kf7 51. Kf3 Ke6 52. Nxf4+
gxf4 53. Kxf4 1-0